| 000 | 00644nam a22002055i 4500 | ||
|---|---|---|---|
| 001 | 48497 | ||
| 003 | ES-MaACL | ||
| 005 | 20230906161748.0 | ||
| 007 | t| | ||
| 008 | 950720s1882 fr ||||1| fre d | ||
| 040 |
_aCAM _bspa _cCAM |
||
| 100 | 1 |
_aDeleveau, P. _943380 |
|
| 245 | 1 | 3 |
_aLa matière et ses transformations / _cpar P. Deleveau...; ouvrage illustré... par Chauvet, Gilbert... |
| 260 |
_aParis : _bHachette et Cie, _c1882 ( _gA. Lahure) |
||
| 300 |
_a[4], 302, [2] p. ; _c18 cm. |
||
| 490 | 1 | _aBibliothèque des merveilles | |
| 830 | 0 |
_aBibliothèque des merveilles _9182004 |
|
| 852 |
_aES-MaACL _jG-9701 |
||
| 999 |
_c48497 _d48497 |
||